Структурная трансформация экономики России в рамках стратегии постиндустриального прорыва; Энергия молодых - экономике России; Ч. 2

Bibliografiske detaljer
Parent link:Энергия молодых - экономике России: труды VI Всероссийской научно-практической конференции студентов и молодых ученых, Томск, 19-22 апреля 2005 г./ Томский политехнический университет; Вольное экономическое общество России.— , 2005-
Ч. 2.— 2005.— С. 73-75
Hovedforfatter: Гасанов М. А. Магеррам Али оглы
Sprog:russisk
Udgivet: 2005
Fag:
Format: MixedMaterials Book Chapter
KOHA link:https://koha.lib.tpu.ru/cgi-bin/koha/opac-detail.pl?biblionumber=141042

MARC

LEADER 00000naa2a2200000 4500
001 141042
005 20231220095631.0
035 |a (RuTPU)RU\TPU\book\152828 
090 |a 141042 
100 |a 20080722d2005 k y0rusy50 ca 
101 0 |a rus 
102 |a RU 
200 1 |a Структурная трансформация экономики России в рамках стратегии постиндустриального прорыва  |f М. А. Гасанов 
320 |a Библиогр.: 3 назв. 
461 1 |0 (RuTPU)RU\TPU\book\107328  |t Энергия молодых - экономике России  |o труды VI Всероссийской научно-практической конференции студентов и молодых ученых, Томск, 19-22 апреля 2005 г.  |o в 2 ч.  |f Томский политехнический университет; Вольное экономическое общество России  |d 2005- 
463 0 |0 (RuTPU)RU\TPU\book\73345  |t Ч. 2  |v С. 73-75  |d 2005 
610 1 |a экономика 
610 1 |a структура 
610 1 |a Россия 
610 1 |a стратегия 
610 1 |a постиндустриальное общество 
610 1 |a экономическое развитие 
610 1 |a конкурентоспособность 
610 1 |a научно-технический прогресс 
610 1 |a труды учёных ТПУ 
700 1 |a Гасанов  |b М. А.  |c экономист  |c профессор Томского политехнического университета, доктор экономических наук  |f 1963-  |g Магеррам Али оглы  |3 (RuTPU)RU\TPU\pers\28713  |9 13510 
801 1 |a RU  |b 63413507  |c 20080722  |g PSBO 
801 2 |a RU  |b 63413507  |c 20161003  |g RCR 
942 |c BK